000 00856nam a2200253Ia 4500
003 OSt
005 20220930094408.0
006 a|||||r|||| 00| 0
007 ta
008 220926b |||||||| |||| 00| 0 eng d
024 _a71831
037 _cTheses
040 _aCRL
_cCRL
_beng
041 _2eng
_aeng
100 _aVishvakarma Vijay Kumar Au.
_9555455
110 _aUniversity of Delhi. Faculty of Science. Department of Chemistry
245 0 _aComputational approach to study the potential of thiazolidines for the inhibition of NS2B-NS3 Protease of dengue virus
260 _c2020
300 _a168p.
_ap.
_ccm.
700 _a Singh Prashant Gu.
_9555044
700 _aUniversity of Delhi. Faculty of Science. Department of Chemistry
942 _cDIS
_2CC
999 _c887057
_d887057